The noble scholar, jurist, historian


 His Excellency Dr. Abdul Wahhab bin Ibrahim Abu Sulaiman, may Allah have mercy on him.


 He was born in Umm Al-Qura in the year 1356 AH.

كتاب الجوهر اللماع فيما ثبت بالسماع من حكم الإمام الشافعي المنظومة والمنثورة الثابتة بالأسانيد المأثورة / (Record no. 14158)

MARC details
000 -LEADER
fixed length control field 01726cam a2200289 i 4500
003 - CONTROL NUMBER IDENTIFIER
control field SA-RiAUC
005 - DATE AND TIME OF LATEST TRANSACTION
control field 20260125123901.0
008 - FIXED-LENGTH DATA ELEMENTS--GENERAL INFORMATION
fixed length control field 260116s1908 ua g 000 0dara c
024 0# - OTHER STANDARD IDENTIFIER
Standard number or code 30162000000883
040 ## - CATALOGING SOURCE
Original cataloging agency SA-RiMOC
Language of cataloging ara
Transcribing agency SA-RiMOC
Description conventions rda
082 04 - DEWEY DECIMAL CLASSIFICATION NUMBER
Classification number 818.02
Assigning agency SA-RiAUC
090 ## - LOCALLY ASSIGNED LC-TYPE CALL NUMBER (OCLC); LOCAL CALL NUMBER (RLIN)
Classification number (OCLC) (R) ; Classification number, CALL (RLIN) (NR) م ن 818.02
Local cutter number (OCLC) ; Book number/undivided call number, CALL (RLIN) ك ت ا
245 00 - TITLE STATEMENT
Title كتاب الجوهر اللماع فيما ثبت بالسماع من حكم الإمام الشافعي المنظومة والمنثورة الثابتة بالأسانيد المأثورة /
Statement of responsibility, etc. جمع الراجي من الله في الدارين السلامة حسين بن عبد الله باسلامة.
246 0# - VARYING FORM OF TITLE
Title proper/short title الجوهر اللماع فيما ثبت بالسماع من حكم الإمام الشافعي المنظومة والمنثورة الثابتة بالأسانيد المأثورة
264 #1 - PRODUCTION, PUBLICATION, DISTRIBUTION, MANUFACTURE, AND COPYRIGHT NOTICE
Place of production, publication, distribution, manufacture [مكان النشر غير محدد] :
Name of producer, publisher, distributor, manufacturer [الناشر غير محدد]،
Date of production, publication, distribution, manufacture, or copyright notice [1908]
264 #2 - PRODUCTION, PUBLICATION, DISTRIBUTION, MANUFACTURE, AND COPYRIGHT NOTICE
Place of production, publication, distribution, manufacture مكة المكرمة :
Name of producer, publisher, distributor, manufacturer حسين بن عبد الله باسلامة :
-- السيد عبد الله محمد
264 #3 - PRODUCTION, PUBLICATION, DISTRIBUTION, MANUFACTURE, AND COPYRIGHT NOTICE
Place of production, publication, distribution, manufacture القاهرة :
Name of producer, publisher, distributor, manufacturer مطبعة كردستان العلمية
300 ## - PHYSICAL DESCRIPTION
Extent 120 صفحة ؛
Dimensions 19 × 13 سم
336 ## - CONTENT TYPE
Content type term نص
Content type code txt
Source rdacontent
Materials specified كتاب
337 ## - MEDIA TYPE
Media type term بدون وسيط
Media type code n
Source rdamedia
338 ## - CARRIER TYPE
Carrier type term مجلد
Carrier type code nc
Source rdacarrier
600 17 - SUBJECT ADDED ENTRY--PERSONAL NAME
Personal name الإمام الشافعي، محمد بن إدريس بن العباس،
Dates associated with a name 150-204 هجري
Form subdivision أقوال مأثورة
Source of heading or term aucnm
650 #7 - SUBJECT ADDED ENTRY--TOPICAL TERM
Topical term or geographic name entry element الحكم والمأثورات
Chronological subdivision العصر العباسي
Source of heading or term aucsh
700 1# - ADDED ENTRY--PERSONAL NAME
Personal name باسلامة، حسين عبد الله محمد،
Dates associated with a name 1299-1359 هجري
Relator term جامع.
942 ## - ADDED ENTRY ELEMENTS (KOHA)
Source of classification or shelving scheme Dewey Decimal Classification
Koha item type كتاب مصور نادر
Suppress in OPAC No
949 ## - LOCAL PROCESSING INFORMATION (OCLC)
a SA-JeALM
d 260116
u mohamedma123
n 1
Holdings
Withdrawn status Lost status Source of classification or shelving scheme Damaged status Not for loan Home library Current library Date acquired Total checkouts Full call number Barcode Date last seen Price effective from Koha item type
    Dewey Decimal Classification     DR AbdElwahab Library DR AbdElwahab Library 01/25/2026   م ن 818.02 ك ت ا 000022603 01/25/2026 01/25/2026 كتاب مصور نادر
    Dewey Decimal Classification     DR AbdElwahab Library DR AbdElwahab Library 01/25/2026   م ن 818.02 ك ت ا 000022606 01/25/2026 01/25/2026 كتاب مصور نادر
    Dewey Decimal Classification     DR AbdElwahab Library DR AbdElwahab Library 03/13/2026   م ن 818.02 ك ت ا 000023027 03/13/2026 03/13/2026 كتاب مصور نادر